[Event "Madrid ch Superveteranos 2023-2024"]
[Site "Madrid ESP"]
[Date "2024.05.17"]
[Round "4.4"]
[White "Martinez De La Puente, Ignacio"]
[Black "Garcia Galeote, Lorenzo"]
[Result "0-1"]
[WhiteElo "1778"]
[BlackElo "1905"]
[PlyCount "96"]
[EventDate "2024.05.13"]
[EventType "swiss"]
[EventRounds "7"]
[EventCountry "ESP"]
[SourceTitle "Ajedrez en Madrid"]
[Source "lmi"]
[SourceDate "2024.05.13"]
[SourceVersion "1"]
[SourceVersionDate "2024.05.25"]
[SourceQuality "1"]

1. d4 g6 2. c4 Bg7 3. Nc3 d6 4. Bf4 Nc6 5. e3 e5 6. Bg3 exd4 7. exd4 Nxd4 8.
Bd3 Bf5 9. Nge2 Bxd3 10. Qxd3 Nxe2 11. Nxe2 Nf6 12. O-O O-O 13. Rad1 Nh5 14. b3
Nxg3 15. fxg3 Qg5 16. Rf3 Rfe8 17. Nf4 Qc5+ 18. Kh1 Re5 19. h3 Rae8 20. Qf1 Re3
21. Nd3 Rxf3 22. Qxf3 Qd4 23. Rf1 f5 24. Nf4 Qe4 25. Qxe4 Rxe4 26. Rf3 c6 27.
Nd3 Bd4 28. Rf4 d5 29. g4 Be3 30. Rf3 fxg4 31. hxg4 d4 32. Kh2 Rxg4 33. Nc5 Rf4
34. Kg3 b6 35. Ne6 Rxf3+ 36. Kxf3 c5 37. a4 Kf7 38. Nd8+ Kf6 39. a5 bxa5 40.
Nb7 Ke5 41. Nxc5 h5 42. Ke2 g5 43. Nb7 h4 44. Nxa5 Ke4 45. b4 g4 46. Nb3 d3+
47. Ke1 h3 48. gxh3 gxh3 0-1

[Event "Madrid ch Superveteranos 2023-2024"]
[Site "Madrid ESP"]
[Date "2024.05.17"]
[Round "4.5"]
[White "Corredor Gonzalez, Angel L."]
[Black "Garcia Esteban, Ignacio"]
[Result "0-1"]
[WhiteElo "1845"]
[BlackElo "1772"]
[PlyCount "89"]
[EventDate "2024.05.13"]
[EventType "swiss"]
[EventRounds "7"]
[EventCountry "ESP"]
[SourceTitle "Ajedrez en Madrid"]
[Source "lmi"]
[SourceDate "2024.05.13"]
[SourceVersion "1"]
[SourceVersionDate "2024.05.25"]
[SourceQuality "1"]

1. e4 c5 2. Nc3 Nc6 3. Bb5 Nd4 4. a4 a6 5. Bc4 e6 6. d3 d6 7. Nge2 Nxe2 8. Qxe2
Be7 9. O-O Nf6 10. f4 O-O 11. e5 dxe5 12. fxe5 Nd5 13. Ne4 b6 14. Qg4 Kh8 15.
Bg5 Bxg5 16. Nxg5 Kg8 17. Qh5 h6 18. Nxf7 Qe8 19. Nxh6+ gxh6 20. Qxh6 Ra7 21.
Bxd5 exd5 22. Rf6 Rxf6 23. exf6 d4 24. Rf1 Qe3+ 25. Qxe3 dxe3 26. Rf3 Kf7 27.
h3 e2 28. Kf2 Bb7 29. Rf4 e1=Q+ 30. Kxe1 Bxg2 31. h4 Bc6 32. Kf2 Ra8 33. Kg3
Rg8+ 34. Kh3 Bd7+ 35. Kh2 Rg4 36. Rxg4 Bxg4 37. Kg3 Bd7 38. b3 Kxf6 39. Kf4 Be8
40. c3 a5 41. d4 cxd4 42. cxd4 Bf7 43. h5 Bxh5 44. d5 Be2 45. d6 0-1

[Event "Madrid ch Superveteranos 2023-2024"]
[Site "Madrid ESP"]
[Date "2024.05.17"]
[Round "4.6"]
[White "Jimenez Jimenez, Jose Luis"]
[Black "Olmedo Camacho, Jose"]
[Result "1-0"]
[WhiteElo "1835"]
[BlackElo "1750"]
[PlyCount "25"]
[EventDate "2024.05.13"]
[EventType "swiss"]
[EventRounds "7"]
[EventCountry "ESP"]
[SourceTitle "Ajedrez en Madrid"]
[Source "lmi"]
[SourceDate "2024.05.13"]
[SourceVersion "1"]
[SourceVersionDate "2024.05.25"]
[SourceQuality "1"]

1. e4 e5 2. Nc3 Nf6 3. f4 d6 4. Nf3 Bg4 5. Be2 Bxf3 6. Bxf3 Nc6 7. O-O Qd7 8.
d3 h6 9. Be3 Be7 10. fxe5 dxe5 11. Nd5 O-O-O 12. Nxf6 Bxf6 13. Bg4 1-0

[Event "Madrid ch Superveteranos 2023-2024"]
[Site "Madrid ESP"]
[Date "2024.05.17"]
[Round "4.7"]
[White "Perez Pascual, Arturo"]
[Black "Barahona Torrijos, Angel"]
[Result "1-0"]
[WhiteElo "1756"]
[BlackElo "1828"]
[PlyCount "89"]
[EventDate "2024.05.13"]
[EventType "swiss"]
[EventRounds "7"]
[EventCountry "ESP"]
[SourceTitle "Ajedrez en Madrid"]
[Source "lmi"]
[SourceDate "2024.05.13"]
[SourceVersion "1"]
[SourceVersionDate "2024.05.25"]
[SourceQuality "1"]

1. e4 e5 2. Nf3 Nc6 3. Bb5 a6 4. Ba4 Nf6 5. d4 Nxd4 6. Nxd4 exd4 7. e5 Ne4 8.
Qxd4 Nc5 9. Nc3 b5 10. Bb3 Nxb3 11. axb3 Bb7 12. O-O Be7 13. Qg4 Kf8 14. Rd1 d6
15. Nd5 h5 16. Qe2 Bxd5 17. Rxd5 c6 18. Rd3 Qc7 19. Bf4 d5 20. Qf3 g5 21. Bg3
Qc8 22. h3 Qe6 23. Qe3 h4 24. Bh2 g4 25. hxg4 Qxg4 26. Rd4 Qg6 27. Qf3 h3 28.
Rg4 Qe6 29. gxh3 Rh4 30. Rxh4 Bxh4 31. Qg4 Qxg4+ 32. hxg4 Be7 33. f4 c5 34. Kf2
Ke8 35. Kf3 Kd7 36. f5 Bg5 37. Bf4 Be7 38. g5 a5 39. Kg4 Ra6 40. f6 Bd8 41. Kf5
Re6 42. Rh1 Re8 43. Rh7 Rf8 44. g6 Ke8 45. g7 1-0

[Event "Madrid ch Superveteranos 2023-2024"]
[Site "Madrid ESP"]
[Date "2024.05.17"]
[Round "4.8"]
[White "Martin-Consuegra Barrilero, Javi"]
[Black "Jimenez Ascarza, Jose Ignacio"]
[Result "1-0"]
[WhiteElo "1827"]
[BlackElo "1749"]
[PlyCount "104"]
[EventDate "2024.05.13"]
[EventType "swiss"]
[EventRounds "7"]
[EventCountry "ESP"]
[SourceTitle "Ajedrez en Madrid"]
[Source "lmi"]
[SourceDate "2024.05.13"]
[SourceVersion "1"]
[SourceVersionDate "2024.05.25"]
[SourceQuality "1"]

1. d4 Nf6 2. Bg5 Ne4 3. Bf4 d6 4. f3 Nf6 5. e4 Nbd7 6. Qd2 e5 7. dxe5 dxe5 8.
Be3 Bd6 9. Nc3 a6 10. Nh3 O-O 11. Nf2 Qe7 12. Bc4 Bc5 13. Nd3 Bxe3 14. Qxe3 b5
15. Bb3 Bb7 16. Ne2 c5 17. c4 Rac8 18. O-O bxc4 19. Bxc4 Nb6 20. Rfc1 Nxc4 21.
Rxc4 Nd7 22. Rac1 f5 23. Nxc5 Nxc5 24. Rxc5 fxe4 25. Rxc8 Rxc8 26. Rxc8+ Bxc8
27. fxe4 Qb4 28. Qb3+ Qxb3 29. axb3 Be6 30. b4 Kf8 31. Kf2 Ke7 32. Nc3 Kd6 33.
Ke3 Kc6 34. g3 g5 35. h4 g4 36. Kd3 h5 37. Nd1 Bf7 38. Ne3 Ba2 39. Kc2 Be6 40.
b3 Kb5 41. Kc3 Kc6 42. Nc4 Bxc4 43. bxc4 Kd6 44. Kb3 Kc6 45. Ka4 Kb6 46. c5+
Kc6 47. Ka5 Kb7 48. c6+ Ka7 49. b5 axb5 50. Kxb5 Ka8 51. Kc5 Ka7 52. Kd6 Kb8
1-0

[Event "Madrid ch Superveteranos 2023-2024"]
[Site "Madrid ESP"]
[Date "2024.05.17"]
[Round "4.9"]
[White "Camarero Izquierdo, Juan Carlos"]
[Black "Pinan Gaviria, Jose"]
[Result "0-1"]
[WhiteElo "1725"]
[BlackElo "1819"]
[PlyCount "70"]
[EventDate "2024.05.13"]
[EventType "swiss"]
[EventRounds "7"]
[EventCountry "ESP"]
[SourceTitle "Ajedrez en Madrid"]
[Source "lmi"]
[SourceDate "2024.05.13"]
[SourceVersion "1"]
[SourceVersionDate "2024.05.25"]
[SourceQuality "1"]

1. e4 e5 2. Nc3 Nf6 3. d3 d5 4. Bg5 d4 5. Nd5 Nbd7 6. f4 h6 7. fxe5 hxg5 8.
exf6 Nxf6 9. Nxf6+ Qxf6 10. Qd2 Bd6 11. Ne2 Be6 12. O-O-O Bxa2 13. Qa5 Be6 14.
Qb5+ Bd7 15. Qa5 a6 16. Kb1 O-O-O 17. Nc1 Rxh2 18. Rxh2 Bxh2 19. Be2 Qe5 20.
Qb4 Qd6 21. Qa5 Be5 22. Rh1 Kb8 23. Rh5 Bf6 24. Nb3 Re8 25. Qe1 Re5 26. Rh8+
Re8 27. Qh1 Rxh8 28. Qxh8+ Ka7 29. Qg8 Be6 30. Nd2 Qg3 31. Kc1 Qe1+ 32. Bd1 Be5
33. Qf8 Bf4 34. Qc5+ b6 35. Qb4 a5 0-1

[Event "Madrid ch Superveteranos 2023-2024"]
[Site "Madrid ESP"]
[Date "2024.05.17"]
[Round "4.10"]
[White "Conchillo Roman, Jose Ignacio"]
[Black "Cabrera Jimenez, Julio"]
[Result "1/2-1/2"]
[WhiteElo "1672"]
[BlackElo "1815"]
[PlyCount "96"]
[EventDate "2024.05.13"]
[EventType "swiss"]
[EventRounds "7"]
[EventCountry "ESP"]
[SourceTitle "Ajedrez en Madrid"]
[Source "lmi"]
[SourceDate "2024.05.13"]
[SourceVersion "1"]
[SourceVersionDate "2024.05.25"]
[SourceQuality "1"]

1. e4 c5 2. Nf3 d6 3. d4 cxd4 4. Nxd4 Nf6 5. Nc3 a6 6. f3 e5 7. Nb3 Be6 8. Be3
Be7 9. Be2 O-O 10. Qd2 b5 11. O-O Nbd7 12. Nd5 Bxd5 13. exd5 Nb6 14. Bxb6 Qxb6+
15. Kh1 Rac8 16. Na5 Nxd5 17. Qxd5 Qxa5 18. c3 Qc7 19. a4 Qc5 20. Rfd1 Rb8 21.
axb5 axb5 22. Qb3 b4 23. Rd5 Qf2 24. Qc2 bxc3 25. bxc3 Rfc8 26. Qd2 g6 27. c4
Rc5 28. Rf1 Rxd5 29. cxd5 Qb6 30. f4 Qb2 31. Qd1 exf4 32. Rxf4 Bf6 33. Qf1 Kg7
34. h4 Rb4 35. Rxb4 Qxb4 36. g3 h5 37. Bf3 Be5 38. Qf2 Bd4 39. Qe2 Qb1+ 40. Qd1
Qb2 41. Qe2 Qc1+ 42. Qd1 Qe3 43. Qf1 f5 44. Qg2 Qe1+ 45. Kh2 f4 46. Kh3 fxg3
47. Qxg3 Qxg3+ 48. Kxg3 Kf6 1/2-1/2

[Event "Madrid ch Superveteranos 2023-2024"]
[Site "Madrid ESP"]
[Date "2024.05.17"]
[Round "4.11"]
[White "Hernandez Gutierrez, Jose"]
[Black "Santiago Jimenez, Ramon"]
[Result "1-0"]
[WhiteElo "1805"]
[BlackElo "1663"]
[PlyCount "85"]
[EventDate "2024.05.13"]
[EventType "swiss"]
[EventRounds "7"]
[EventCountry "ESP"]
[SourceTitle "Ajedrez en Madrid"]
[Source "lmi"]
[SourceDate "2024.05.13"]
[SourceVersion "1"]
[SourceVersionDate "2024.05.25"]
[SourceQuality "1"]

1. d4 Nf6 2. Bf4 d5 3. e3 c5 4. c3 Nc6 5. Nd2 Bf5 6. Ngf3 Qb6 7. Nh4 Bg4 8. f3
Bd7 9. g4 h6 10. Bg3 Qxb2 11. Qc1 Qxc1+ 12. Rxc1 c4 13. Be2 e6 14. h3 Ba3 15.
Rb1 Na5 16. Bc7 b6 17. O-O O-O 18. Be5 Nh7 19. Bd1 Be7 20. Ng2 Nc6 21. Bh2 Ng5
22. h4 Nh7 23. e4 b5 24. Rxb5 Rfb8 25. Bxb8 Nxb8 26. Rb7 Ba3 27. Bc2 Bc6 28.
Rbb1 Nd7 29. e5 f6 30. f4 Nb6 31. Ne3 Be7 32. Nf3 Bd7 33. Kg2 g5 34. hxg5 fxg5
35. f5 exf5 36. Bxf5 Bc6 37. Rh1 Kg7 38. Bxh7 Kxh7 39. Nf5 Bf8 40. Nxg5+ Kg6
41. Ne6 Nd7 42. Nxf8+ Rxf8 43. Ne7+ 1-0

[Event "Madrid ch Superveteranos 2023-2024"]
[Site "Madrid ESP"]
[Date "2024.05.17"]
[Round "4.12"]
[White "Calle Trueba, Jose Antonio"]
[Black "Estrada Martinez, Cesar"]
[Result "0-1"]
[WhiteElo "1633"]
[BlackElo "1867"]
[PlyCount "60"]
[EventDate "2024.05.13"]
[EventType "swiss"]
[EventRounds "7"]
[EventCountry "ESP"]
[SourceTitle "Ajedrez en Madrid"]
[Source "lmi"]
[SourceDate "2024.05.13"]
[SourceVersion "1"]
[SourceVersionDate "2024.05.25"]
[SourceQuality "1"]

1. e4 c5 2. Nc3 Nc6 3. f4 d6 4. Nf3 Bg4 5. Bb5 Nf6 6. O-O a6 7. Bxc6+ bxc6 8.
d3 e6 9. Qe1 Be7 10. e5 Nd5 11. Nxd5 cxd5 12. Qg3 Bxf3 13. Rxf3 g6 14. b3 O-O
15. Qh3 dxe5 16. fxe5 Bg5 17. Qg4 Bxc1 18. Rxc1 Qc7 19. Re1 Rac8 20. Rh3 Qe7
21. Qf4 f5 22. exf6 Rxf6 23. Qe5 Rcf8 24. Rhe3 Qf7 25. h3 Re8 26. c4 Rf5 27.
Qd6 dxc4 28. dxc4 e5 29. Rxe5 Rf1+ 30. Kh2 Qf4+ 0-1

[Event "Madrid ch Superveteranos 2023-2024"]
[Site "Madrid ESP"]
[Date "2024.05.17"]
[Round "4.13"]
[White "Ortiz Landeira, Jose Antonio"]
[Black "Martinez Miura, Enrique"]
[Result "1/2-1/2"]
[WhiteElo "1817"]
[BlackElo "1703"]
[PlyCount "64"]
[EventDate "2024.05.13"]
[EventType "swiss"]
[EventRounds "7"]
[EventCountry "ESP"]
[SourceTitle "Ajedrez en Madrid"]
[Source "lmi"]
[SourceDate "2024.05.13"]
[SourceVersion "1"]
[SourceVersionDate "2024.05.25"]
[SourceQuality "1"]

1. Nf3 Nf6 2. c4 c6 3. Nc3 d5 4. cxd5 cxd5 5. d4 e6 6. e3 Be7 7. Bd3 Nbd7 8.
O-O O-O 9. b3 b6 10. a4 Bb7 11. Ba3 Bxa3 12. Rxa3 a6 13. b4 Qe7 14. Rb3 Rfc8
15. Qb1 g6 16. Rc1 Qd6 17. h3 Rc7 18. Rb2 Rac8 19. Rbc2 e5 20. dxe5 Nxe5 21.
Nxe5 Qxe5 22. Ne2 Rxc2 23. Rxc2 Rxc2 24. Bxc2 Ne4 25. Bxe4 dxe4 26. Qc1 Qd6 27.
Qb1 Qd7 28. a5 b5 29. Nd4 Bd5 30. Qc2 Kg7 31. Nb3 Bxb3 32. Qxb3 Qc6 1/2-1/2

[Event "Madrid ch Superveteranos 2023-2024"]
[Site "Madrid ESP"]
[Date "2024.05.17"]
[Round "4.14"]
[White "Becerra Baigorri, Jose"]
[Black "Hurtado Garrido, Reyes"]
[Result "0-1"]
[WhiteElo "1687"]
[BlackElo "1785"]
[PlyCount "82"]
[EventDate "2024.05.13"]
[EventType "swiss"]
[EventRounds "7"]
[EventCountry "ESP"]
[SourceTitle "Ajedrez en Madrid"]
[Source "lmi"]
[SourceDate "2024.05.13"]
[SourceVersion "1"]
[SourceVersionDate "2024.05.25"]
[SourceQuality "1"]

1. e4 c5 2. Nf3 g6 3. d4 cxd4 4. Nxd4 Bg7 5. c3 Nc6 6. Nxc6 bxc6 7. Bc4 e6 8.
O-O d5 9. exd5 cxd5 10. Bb5+ Bd7 11. Qa4 Ne7 12. Bxd7+ Qxd7 13. Qxd7+ Kxd7 14.
Nd2 Rhc8 15. Nf3 Rab8 16. Re1 Nf5 17. Ng5 Ke7 18. Re2 Rc4 19. Nf3 a5 20. Ne5
Bxe5 21. Rxe5 a4 22. Re2 Rb7 23. Bd2 f6 24. Rb1 h5 25. b3 e5 26. Ree1 axb3 27.
axb3 Rc6 28. b4 d4 29. cxd4 Nxd4 30. Be3 Kd6 31. Red1 Kd5 32. Kf1 Ke4 33. Bh6
Rc8 34. f3+ Kd5 35. Bd2 g5 36. Kf2 Rc2 37. Ke3 Ra7 38. Rdc1 Ra3+ 39. Kf2 Rxd2+
40. Kf1 Raa2 41. b5 Rf2+ 0-1

[Event "Madrid ch Superveteranos 2023-2024"]
[Site "Madrid ESP"]
[Date "2024.05.17"]
[Round "4.15"]
[White "Mauriello, Nunzio"]
[Black "Abad Martin-Camunas, Luis"]
[Result "1-0"]
[WhiteElo "1726"]
[BlackElo "1623"]
[PlyCount "35"]
[EventDate "2024.05.13"]
[EventType "swiss"]
[EventRounds "7"]
[EventCountry "ESP"]
[SourceTitle "Ajedrez en Madrid"]
[Source "lmi"]
[SourceDate "2024.05.13"]
[SourceVersion "1"]
[SourceVersionDate "2024.05.25"]
[SourceQuality "1"]

1. d4 Nf6 2. Nc3 e6 3. e4 d6 4. Nf3 a6 5. a4 b6 6. Bc4 Bb7 7. Qe2 Be7 8. O-O
O-O 9. Bg5 h6 10. Bf4 Nbd7 11. Rad1 c5 12. e5 dxe5 13. dxe5 Nh7 14. Ne4 Bxe4
15. Qxe4 Qc7 16. Bd3 f5 17. exf6 Ndxf6 18. Qxe6+ 1-0

[Event "Madrid ch Superveteranos 2023-2024"]
[Site "Madrid ESP"]
[Date "2024.05.17"]
[Round "4.16"]
[White "Infante Martin, Alonso"]
[Black "Samaniego Bordiu, Gonzalo"]
[Result "0-1"]
[WhiteElo "1620"]
[BlackElo "1881"]
[PlyCount "40"]
[EventDate "2024.05.13"]
[EventType "swiss"]
[EventRounds "7"]
[EventCountry "ESP"]
[SourceTitle "Ajedrez en Madrid"]
[Source "lmi"]
[SourceDate "2024.05.13"]
[SourceVersion "1"]
[SourceVersionDate "2024.05.25"]
[SourceQuality "1"]

1. d4 Nf6 2. Nf3 g6 3. c4 Bg7 4. Nc3 O-O 5. e3 d6 6. Bd3 Nbd7 7. O-O Re8 8. Re1
e5 9. d5 e4 10. Nxe4 Nxe4 11. Qc2 Ndc5 12. Be2 Qf6 13. Rb1 Bf5 14. Rf1 Ng3 15.
Qd1 Nxe2+ 16. Qxe2 Bxb1 17. Ne1 Qf5 18. f3 Bd3 19. Nxd3 Qxd3 20. Qf2 Qxc4 0-1

[Event "Madrid ch Superveteranos 2023-2024"]
[Site "Madrid ESP"]
[Date "2024.05.17"]
[Round "4.17"]
[White "Marcos Medina, Alejandro"]
[Black "Gonzalez Finat, Borja"]
[Result "0-1"]
[WhiteElo "1766"]
[BlackElo "1672"]
[PlyCount "86"]
[EventDate "2024.05.13"]
[EventType "swiss"]
[EventRounds "7"]
[EventCountry "ESP"]
[SourceTitle "Ajedrez en Madrid"]
[Source "lmi"]
[SourceDate "2024.05.13"]
[SourceVersion "1"]
[SourceVersionDate "2024.05.25"]
[SourceQuality "1"]

1. e4 e6 2. d3 d5 3. Nd2 Nd7 4. g3 dxe4 5. Nxe4 Ngf6 6. Bg2 Nxe4 7. Bxe4 Nf6 8.
Bg2 Be7 9. Ne2 O-O 10. O-O c6 11. Re1 Qb6 12. h3 Bc5 13. Rf1 e5 14. Nc3 Qa5 15.
Bd2 Qc7 16. Qf3 Bd4 17. Rab1 Be6 18. a3 Rfe8 19. Ne4 Nxe4 20. dxe4 Rad8 21. Bc3
Bxc3 22. Qxc3 Rd4 23. Rbd1 Red8 24. Rxd4 Rxd4 25. Kh2 Qd6 26. f4 f6 27. f5 Bf7
28. Rf2 g6 29. g4 g5 30. Qe3 b6 31. h4 h6 32. hxg5 hxg5 33. Qh3 Kg7 34. Bf3 Qc5
35. Kg3 Kf8 36. Qh8+ Ke7 37. Rh2 Rd8 38. Qg7 Qg1+ 39. Rg2 Qe1+ 40. Kh2 Qh4+ 41.
Kg1 Rh8 42. Kf1 Qh1+ 43. Ke2 Rg8 0-1

[Event "Madrid ch Superveteranos 2023-2024"]
[Site "Madrid ESP"]
[Date "2024.05.17"]
[Round "4.18"]
[White "Benito Mellado, Humberto"]
[Black "Martinez Rubio, Felipe"]
[Result "1-0"]
[WhiteElo "1608"]
[BlackElo "1746"]
[PlyCount "97"]
[EventDate "2024.05.13"]
[EventType "swiss"]
[EventRounds "7"]
[EventCountry "ESP"]
[SourceTitle "Ajedrez en Madrid"]
[Source "lmi"]
[SourceDate "2024.05.13"]
[SourceVersion "1"]
[SourceVersionDate "2024.05.25"]
[SourceQuality "1"]

1. d4 Nf6 2. c4 e5 3. dxe5 Ne4 4. Nf3 b6 5. a3 Bb7 6. Nbd2 d6 7. Nxe4 Bxe4 8.
Bf4 d5 9. Ng5 Be7 10. Nxe4 dxe4 11. Qxd8+ Bxd8 12. g3 g5 13. Bd2 f5 14. exf6
Bxf6 15. Ra2 O-O 16. Bg2 Re8 17. O-O a5 18. b3 Nd7 19. Be3 Rad8 20. Rd2 h6 21.
Rfd1 Nc5 22. Rxd8 Rxd8 23. Rxd8+ Bxd8 24. Bxc5 bxc5 25. Bxe4 Bf6 26. e3 Bb2 27.
a4 Kg7 28. Kg2 Bc1 29. Kf3 Kf6 30. Kg4 Bd2 31. h4 Be1 32. Kf3 Bc3 33. Bd5 Be1
34. Ke2 Bc3 35. f3 Be5 36. hxg5+ hxg5 37. f4 Bd6 38. Kf3 Bf8 39. e4 gxf4 40.
gxf4 Kg6 41. Kg4 Bg7 42. e5 Bf8 43. f5+ Kh6 44. f6 Kg6 45. Be4+ Kf7 46. Kf5 Bh6
47. e6+ Kf8 48. Kg6 Bf4 49. e7+ 1-0

[Event "Madrid ch Superveteranos 2023-2024"]
[Site "Madrid ESP"]
[Date "2024.05.17"]
[Round "4.19"]
[White "De Los Rios Camacho, Juan Antoni"]
[Black "Garcia Marin, Blas"]
[Result "1-0"]
[WhiteElo "1728"]
[BlackElo "1612"]
[PlyCount "83"]
[EventDate "2024.05.13"]
[EventType "swiss"]
[EventRounds "7"]
[EventCountry "ESP"]
[SourceTitle "Ajedrez en Madrid"]
[Source "lmi"]
[SourceDate "2024.05.13"]
[SourceVersion "1"]
[SourceVersionDate "2024.05.25"]
[SourceQuality "1"]

1. e4 c5 2. Nf3 Nc6 3. d4 cxd4 4. Nxd4 Nxd4 5. Qxd4 d6 6. Bb5+ Bd7 7. Nc3 a6 8.
Bc4 e5 9. Qe3 Nf6 10. Qg3 Rc8 11. Bd3 h6 12. Bd2 Be6 13. O-O-O Nh5 14. Qf3 Nf6
15. Nd5 h5 16. Nxf6+ gxf6 17. Qe3 Bxa2 18. Qa7 Qc7 19. Be3 Bb3 20. Rd2 Ke7 21.
Kb1 Be6 22. Bb6 Qc6 23. Bxa6 Bh6 24. Bxb7 Qd7 25. Rd3 Ra8 26. Bxa8 Qxa7 27.
Bxa7 Rxa8 28. Ra3 Kd7 29. Rd1 Bf8 30. Rdd3 d5 31. exd5 Bxa3 32. dxe6+ Kxe6 33.
Rxa3 Rd8 34. Kc1 f5 35. Ra6+ Rd6 36. Rxd6+ Kxd6 37. Kd2 Kd5 38. Kd3 e4+ 39. Ke3
Ke6 40. c4 Ke5 41. Bb8+ Ke6 42. Kf4 1-0

[Event "Madrid ch Superveteranos 2023-2024"]
[Site "Madrid ESP"]
[Date "2024.05.17"]
[Round "4.20"]
[White "Diaz Begonte, Manuel"]
[Black "Plaza Plaza, Prudencio"]
[Result "1-0"]
[WhiteElo "1712"]
[BlackElo "1612"]
[PlyCount "109"]
[EventDate "2024.05.13"]
[EventType "swiss"]
[EventRounds "7"]
[EventCountry "ESP"]
[SourceTitle "Ajedrez en Madrid"]
[Source "lmi"]
[SourceDate "2024.05.13"]
[SourceVersion "1"]
[SourceVersionDate "2024.05.25"]
[SourceQuality "1"]

1. e4 c5 2. d4 cxd4 3. c3 dxc3 4. Nxc3 Nc6 5. Nf3 a6 6. Bc4 e6 7. Bf4 d6 8. O-O
Be7 9. Qe2 Nf6 10. Rfd1 O-O 11. e5 Nh5 12. Be3 b5 13. Bb3 g6 14. exd6 Bf6 15.
Ne4 Bxb2 16. Qxb2 Ng7 17. d7 Bb7 18. Bg5 Qc7 19. Bh6 e5 20. Nf6+ Kh8 21. Ne8
Rfxe8 22. dxe8=Q+ Rxe8 23. Rac1 Qe7 24. Ng5 Ne6 25. Nxe6 fxe6 26. Rxc6 Bxc6 27.
Qxe5+ Kg8 28. Bg5 Qf7 29. h3 Bd5 30. Bxd5 exd5 31. Qxd5 Re1+ 32. Kh2 Rxd1 33.
Qxd1 Qxf2 34. Qd8+ Kg7 35. Qe7+ Qf7 36. Bf6+ Kg8 37. Qd8+ Qf8 38. Be7 Qxd8 39.
Bxd8 Kf7 40. Kg3 Ke6 41. Kf4 h6 42. h4 Kd5 43. Ba5 Kd4 44. a3 Kd3 45. g4 Kd4
46. Bb4 Kc4 47. Ke5 Kb3 48. Kf6 h5 49. g5 a5 50. Bxa5 Kxa3 51. Bd8 b4 52. Kxg6
b3 53. Bf6 Kb4 54. Kxh5 Kc4 55. g6 1-0

[Event "Madrid ch Superveteranos 2023-2024"]
[Site "Madrid ESP"]
[Date "2024.05.17"]
[Round "4.21"]
[White "Perales Hernandez, Manuel"]
[Black "Ghavami, Mahmoud"]
[Result "0-1"]
[WhiteElo "1588"]
[BlackElo "1682"]
[PlyCount "114"]
[EventDate "2024.05.13"]
[EventType "swiss"]
[EventRounds "7"]
[EventCountry "ESP"]
[SourceTitle "Ajedrez en Madrid"]
[Source "lmi"]
[SourceDate "2024.05.13"]
[SourceVersion "1"]
[SourceVersionDate "2024.05.25"]
[SourceQuality "1"]

1. e4 c5 2. Nf3 d6 3. h3 Nc6 4. c3 d5 5. e5 e6 6. d3 Nge7 7. Nbd2 Ng6 8. d4 Qb6
9. Qb3 Qc7 10. Be2 Na5 11. Qc2 Bd7 12. b3 cxd4 13. Nxd4 Nxe5 14. a4 Bb4 15.
cxb4 Qxc2 16. Nxc2 Nac6 17. Bb2 f6 18. b5 Na5 19. Bc3 b6 20. O-O Nb7 21. f4 Nf7
22. Rae1 Rc8 23. Nb1 Nbd6 24. Bd3 O-O 25. Rf3 Rc7 26. Bb4 Rfc8 27. Re2 Nb7 28.
Rg3 Nc5 29. Bxc5 Rxc5 30. Kh2 e5 31. fxe5 Nxe5 32. b4 R5c7 33. Nba3 Rc3 34. Nb1
Rxd3 35. Rxd3 Nxd3 36. Nba3 Kf7 37. a5 g5 38. axb6 axb6 39. g4 f5 40. Rd2 Rc3
41. Nb1 Rb3 42. Nba3 fxg4 43. hxg4 Bxg4 44. Rg2 h5 45. Rg1 Kf6 46. Rf1+ Nf4 47.
Nb1 Rb2 48. Nba3 Bf5 49. Rf2 Ke5 50. Rd2 h4 51. Kg1 g4 52. Kf2 Be4 53. Ke3 Rb3+
54. Kf2 g3+ 55. Kg1 h3 56. Nd4 h2+ 57. Kf1 h1=Q# 0-1

[Event "Madrid ch Superveteranos 2023-2024"]
[Site "Madrid ESP"]
[Date "2024.05.17"]
[Round "4.23"]
[White "Ros Martinez, Francisco Javier"]
[Black "Hortelano Hap, Ramon"]
[Result "1/2-1/2"]
[WhiteElo "1731"]
[BlackElo "1678"]
[PlyCount "54"]
[EventDate "2024.05.13"]
[EventType "swiss"]
[EventRounds "7"]
[EventCountry "ESP"]
[SourceTitle "Ajedrez en Madrid"]
[Source "lmi"]
[SourceDate "2024.05.13"]
[SourceVersion "1"]
[SourceVersionDate "2024.05.25"]
[SourceQuality "1"]

1. d4 c6 2. Nf3 d5 3. e3 Bg4 4. h3 Bh5 5. g4 Bg6 6. Ne5 Nd7 7. Nxg6 hxg6 8. c4
dxc4 9. Bxc4 Nb6 10. Bd3 Nf6 11. Nc3 Qd7 12. f3 e6 13. Bd2 Bd6 14. f4 O-O-O 15.
Qf3 Kb8 16. Ne4 Nxe4 17. Bxe4 f5 18. gxf5 gxf5 19. Bd3 c5 20. Bc3 cxd4 21. Bxd4
Bb4+ 22. Ke2 Na4 23. Rad1 Rhg8 24. Rhg1 Qe7 25. a3 Bc5 26. Be5+ Bd6 27. Bd4 Bc5
1/2-1/2

[Event "Madrid ch Superveteranos 2023-2024"]
[Site "Madrid ESP"]
[Date "2024.05.17"]
[Round "4.24"]
[White "Perez Molero, Jose Ignacio"]
[Black "Vasquez Escobar, Andres Eloy"]
[Result "1-0"]
[WhiteElo "1682"]
[BlackElo "1600"]
[PlyCount "111"]
[EventDate "2024.05.13"]
[EventType "swiss"]
[EventRounds "7"]
[EventCountry "ESP"]
[SourceTitle "Ajedrez en Madrid"]
[Source "lmi"]
[SourceDate "2024.05.13"]
[SourceVersion "1"]
[SourceVersionDate "2024.05.25"]
[SourceQuality "1"]

1. d4 c5 2. d5 e5 3. e4 d6 4. c4 Nf6 5. Nc3 Be7 6. Be2 O-O 7. Nf3 Na6 8. O-O
Nc7 9. a3 Rb8 10. b4 b6 11. b5 Bd7 12. Nd2 h6 13. a4 Nh7 14. Nb3 f5 15. exf5
Bxf5 16. Bd3 Bxd3 17. Qxd3 Qe8 18. Ne4 Nf6 19. Nbd2 Qh5 20. Nxf6+ Bxf6 21. Ne4
Be7 22. Qg3 Kh8 23. Be3 Rf7 24. h3 Rbf8 25. Qg4 Qxg4 26. hxg4 Ne8 27. a5 Nf6
28. Nxf6 Bxf6 29. axb6 axb6 30. Ra6 Rb7 31. Rfa1 Rfb8 32. R1a2 Be7 33. g3 Kg8
34. Kg2 Bf8 35. Kf3 Rf7+ 36. Ke4 Rfb7 37. f4 exf4 38. gxf4 Re8+ 39. Kf3 Reb8
40. f5 Re8 41. Ra7 Reb8 42. Bf4 Be7 43. Ke4 Bf8 44. Ra8 Kf7 45. Kf3 Be7 46.
Rxb8 Rxb8 47. Ra7 Ke8 48. Rc7 Kd8 49. Bxd6 Bxd6 50. Rxg7 Bf8 51. Rh7 Ke8 52.
Ke4 Be7 53. Ke5 Bf8 54. Ke6 Kd8 55. f6 Ke8 56. Rd7 1-0